000 01034cam a2200277 i 4500
003 SA-RiAUC
005 20251030130042.0
008 251016s1980 ua g 00000 ara c
040 _aSA-JeALM
_bara
_cSA-RiAUC
_erda
050 4 _b.H54 1980
082 0 4 _a320.532
090 _a320.532
_bح ج ي
100 1 _aحجي، طارق،
_d1950-
_eمؤلف.
245 1 2 _aالشيوعية والأديان /
_cطارق حجي.
250 _aالطبعة الثالثة.
264 1 _aالقاهرة :
_aجدة، السعودية :
_bدار نهضة مصر للطبع والنشر ؛
_bالاتحاد الدولى للبنوك الإسلامية،
_c1980
300 _a126 صفحة ؛
_c24 سم
336 _aنص
_btxt
_2rdacontent
_3كتاب
337 _aبدون وسيط
_bn
_2rdamedia
338 _aمجلد
_bnc
_2rdacarrier
650 7 _aالشيوعية
_2aucsh
650 7 _aالإسلام والشيوعية
_2aucsh
942 _2ddc
_cBOOK
_n0
949 _aSA-JeALM
_d251016
_umohamedma123
_n1
999 _c12835
_d12835